000 03806nab a2200325 i 4500
003 BR-BrBNA
005 20260310150531.0
008 260310b2018 bl.qr|pooa||| 00| eng |
040 _aBR-BrBNA
_beng
072 _aP34
072 _aP33
072 _aK10
100 _aCristo, Sandra Ciriaco de
100 _aFors, Rosalba Ortega
100 _aCarvalho, Acácio Geraldo de
245 _aDiversity of arbuscular mycorrhizal fungi in pasture areas in the Serra do Itajaí National Park
500 _a Publicação online; 24 ref.; 2 tables; 2 illus.; Summaries (En, Pt)
520 _a ABSTRACT: As obligate biotrophs, arbuscular mycorrhizal fungi (AMF) (Phylum Glomeromycota) may be directly affected by deforestation. The present study evaluated the effect of forest conversion into pastures on AMF diversity within the Serra do ItajaíNational Park (Santa Catarina, Brazil). Soil samples were collected during two seasons (spring and autumn) from four areas: nati-ve forest (NF); two pastures undergoing recovery through application of brushwood (PB) and perch (PP) techniques, respectively; and an untreated pasture (UP). AMF spores were extracted from soil through wet sieving and decanting. Species were identified based on the morphology of the spores. In total, 33 AMF species were observed, distributed into six families and 11 genera. The best-represented genera were Acaulospora and Glomus, with 14 and 8 species, respectively. Conversion of forests into pastures did not affect mean species richness of AMF between the areas, nor between the seasons. However, the total number of species was higher in the native forest, indicating the negative effect of deforestation on AMF community diversity in the evaluated pasture areas. AMF species diversity was also greater during autumn. Key words: biodiversity; deforestation; Glomeromycota; pasture
520 _a RESUMO: Os fungos micorrízicos arbusculares (FMA) (Filo Glomeromycota) são biotróficos obrigatórios podendo ser direta-mente afetados pelo desmatamento. O presente estudo analisou o efeito da conversão de florestas em pastagens na diversidade de FMA em áreas do Parque Nacional da Serra do Itajaí (Santa Catarina, Brasil). Amostras compostas de solo foram coletadas em duas épocas (primavera e outono) e quatro áreas: floresta nativa (FN); duas pastagens sob recuperação através das técnicas de galharia (PG) e poleiro (PP); e uma pastagem sem tratamento de recuperação (PS). Os esporos de FMA foram extraídos do solo por peneiramento úmido e decantação, e as espécies identificadas com base na morfologia dos mesmos. No total, 33 espécies de FMA foram observadas, distribuídas em seis famílias e 11 gêneros. Os gêneros melhores representados foram Acaulospora e Glomus, com 14 e 8 espécies, respectivamente. A conversão de florestas em pastagens não afetou a riqueza média de espécies de FMA entre as áreas, ou estações. Porém, o número total de espécies foi maior na FN, indicando um efeito negativo do desmatamento sobre a diversidade de FMA nas pastagens estudadas. A diversidade de FMA foi também maior durante o outono. Palavras-chave: biodiversidade; desmatamento; Glomeromycota; pastagens
650 _aFLORESTA
650 _aPASTAGEM
650 _aANÁLISE DO SOLO
650 _aMICORRIZA VESICULAR ARBUSCULAR
650 _aDESMATAMENTO
650 _aBIODIVERSIDADE
773 0 _04656
_9360535
_dRecife-PE Universidade Federal Rural de Pernambuco 2006
_o2026-0919
_tRevista Brasileira de Ciências Agrárias (Brazil)
_x1981-1160
_gv. 13(2) p. 1-7; (2018)
_wBR2025005664
856 _uhttp://www.agraria.pro.br/ojs32/index.php/RBCA/article/view/v13i2a5513/326
942 _cANA
999 _c340340
_d340340